00502nam a22002057a 4500003000500000005001700005008004100022010001000063011001000073035001000083040000900093082001700102100002100119245002300140260003400163300001100197490003700208650001400245830003700259CHAP20220329140445.0971013s1972 r 00010 d a52235 a53207 a57357 cCHAP a001.6425bP600aPollack, Bary W. aCompiler technique aPrincenton :bAuerbach,c1972 a558 p. aAuerbach computer science series14aSoftware.0 aAuerbach computer science series